Catálogo
 En Linea
Vista normal Vista MARC

Entrada Nombre de reunión

Número de registros utilizados en: 1

001 - NÚMERO DE CONTROL

  • campo de control: 86570

003 - IDENTIFICADOR DEL NÚMERO DE CONTROL

  • campo de control: DO-SdBNP

005 - FECHA Y HORA DE LA ÚLTIMA TRANSACCIÓN

  • campo de control: 20240913111557.0

008 - DATOS DE LONGITUD FIJA

  • campo de control de longitud fija: 240913|| aca||aabn | a|a d

040 ## - FUENTE DE LA CATALOGACIÓN

  • Centro catalogador/agencia de origen: DO-SdBNP
  • Centro/agencia transcriptor: DO-SdBNP

111 ## - ENCABEZAMIENTO--NOMBRE DE CONGRESO/REUNIÓN

  • Nombre de congreso/reunión o jurisdicción como elemento de entrada: Congreso de sociología
  • Sede del congreso/Lugar de la reunión: Santo Domingo )
  • Fecha del congreso/reunión: 18 al 21 de octubre 1982 :
  • Número del congreso/reunión o número de parte o sección: 3 er.

670 ## - FUENTE DE DATOS ENCONTRADOS

  • Cita de la fuente: Work cat.: (DO-SdBNP)57682: Congreso de sociología Santo Domingo ) 18 al 21 de octubre 1982 : 3 er. :, Problemática rural en República Dominicana

Con tecnología Koha